Inseln Nordamerikas nach Umriss - Statistiken

Allgemein
  • Dieses Quiz wurde 72 mal gespielt
  • Das Durchschnittsergebnis liegt bei 12 aus 13
Antwortstatistiken
Bildquiz Antwort % Korrekt
Jamaika
97%
Kuba
97%
Haiti
95%
St. Lucia
95%
Barbados
92%
Dominikanische Republik
92%
Bahamas
89%
Dominica
89%
St. Vincent und die Grenadinen
89%
Trinidad und Tobago
89%
Grenada
87%
St. Kitts und Nevis
87%
Antigua und Barbuda
84%
Keine übereinstimmenden Quizze gefunden
Verteilung der Resultate
Anzahl Personen mit jedem Resultat
Perzentil nach korrekt beantworteten Fragen
Ihre Resultats-Entwicklung
Sie haben dieses Quiz noch nicht gespielt